00671nam a2200205 i 450000100060000000300090000600500170001500700030003200800410003510000330007624500520010925000120016126000500017330000300022349000170025383000250027085200320029599900170032795201210034442119ES-MaACL20230906160542.0t|030312s1958 sp ||||1| spa d1 aCastanys, Valentín.93640113aEl mundo en zapatillas / cValentín Castanys. a1ª ed. aBarcelona : bDestino, c[1958] (fClarasó) a326 p. : bil. ; c22 cm.1 aSer o no ser0 aSer o no ser9181425 aES-MaACLjC-14465 bR.42340 c42119d42119 00104070aATENEOMbATENEOMcFICHd2008-01-17eSCl0oC-14465p1044331r2023-02-23 00:00:00w2023-02-23yMONOGRAFIA